Rubber krishi paadamala.1. Nilamorukkalum nadeelum (Malayalam) (Record no. 44809)

MARC details
000 -LEADER
fixed length control field 00349nam a2200121Ia 4500
082 ## - DEWEY DECIMAL CLASSIFICATION NUMBER
Classification number NR:63(036)
Item number SAT.1
100 ## - MAIN ENTRY--AUTHOR NAME
Personal name Satheesh Chandran Nair, MG
245 #0 - TITLE STATEMENT
Title Rubber krishi paadamala.1. Nilamorukkalum nadeelum (Malayalam)
260 ## - PUBLICATION, DISTRIBUTION, ETC. (IMPRINT)
Place of publication Kottayam
Name of publisher Rubber Board
Year of publication 2019
300 ## - PHYSICAL DESCRIPTION
Number of Pages 56p.
942 ## - ADDED ENTRY ELEMENTS (KOHA)
Koha item type Books
Holdings
Withdrawn status Lost status Damaged status Not for loan Home library Current library Date acquired Source of acquisition Full call number Accession Number Koha item type
        RRII Library RRII Library 16/12/2021 Gift NR:63(036) SAT.1 G01552 Books